La Psicología de la liberación en Ignacio Martín-Baró
En este artículo se comenta ampliamente los aportes teóricos de Martín Baró con respecto a la psicología social. Se señalan las estimaciones que dicha psicología tenga con relación a las necesidades latinoamericanas. Para que esto suceda el artículo ofrece tres propuestas para la psicología social....
Shranjeno v:
| Format: | Texto |
|---|---|
| Teme: | |
| Oznake: |
Označite
Brez oznak, prvi označite!
|
MARC
| LEADER | 00000 a a2200000 04500 | ||
|---|---|---|---|
| 001 | 6311 | ||
| 003 | |||
| 040 | |||
| 245 | |a La Psicología de la liberación en Ignacio Martín-Baró | ||
| 520 | |a En este artículo se comenta ampliamente los aportes teóricos de Martín Baró con respecto a la psicología social. Se señalan las estimaciones que dicha psicología tenga con relación a las necesidades latinoamericanas. Para que esto suceda el artículo ofrece tres propuestas para la psicología social. /MSD | ||
| 650 | |a PSICOLOGIA SOCIAL | ||
| 773 | |g volumen 20, número 879; páginas 17-19 | ||
| 999 | |c 26942 |d 26942 | ||
